Statistics for British overseas military bases

Click here to take the quiz!

General Stats

  • This quiz has been taken 17 times
  • The average score is 8 of 13

Answer Stats

Name of InstallationAnswer% Correct
British Army Training and Support Unit ______Belize
79%
British Army Training Unit SuffieldCanada
79%
British Forces ______Cyprus
79%
British Gurkhas _____Nepal
79%
British Forces _______Germany
71%
British Defence _________ Support UnitSingapore
71%
Camp VikingNorway
64%
British Army Training Unit _____Kenya
57%
RAF Al UdeidQatar
57%
HMS JufairBahrain
43%
Donnelly LinesUnited Arab Emirates
43%
British Forces ______Brunei
36%
UK Joint Logistic Support BaseOman
36%

Score Distribution

Percentile by Number Answered

Percent of People with Each Score

Your Score History

You have not taken this quiz